000 01163nam a22002658a 4500
005 20090718151715.0
008 020709s2002 pau b 001 0 eng
010 _aENG-94468
020 _a9788120336681
_c395.00
035 _aEN-78001
037 _bDBAD / PUB
040 _adpl
_bEnglish
082 _a621.384135
100 _aNeelakanta, Perambur S.
245 _aAntennas for information super skyways :
_ban exposition on outdoor and indoor wireless antennas /
_cby Perambur S. Neelakanta (and) Rajeswari Chatterjee
260 _aNew Delhi
_bPHI Learning
_c2008
270 _aM-97, Connaught Circus
_bNew Delhi
_e110001
300 _axxiv, 539p. :
_bill.
_c23cm(pbk)
440 _aElectronic & electrical engineering research studies antennas series/ edited by J.R. James
500 _aIncludes bibliographical references and index
650 _aAntennas (Electronics)
700 _aChatterjee, Rajeswari
942 _2ddc
_cEN
_h621.384135
_mNEE
999 _c28417
_d28417